Analýza vybraných finančných ukazovateľov v zdravotníctve
Analýza finančnej situácie a financovania v odvetví zdravotníctva, v podmienkach Slovenskej republiky členené podľa SK NACE 86 – Zdravotníctvo a sociálna pomoc. Údaje o stredných hodnotách finančných metrík sú získané prostredníctvom informačného portálu Cribis Univerzálneho registra a webového anal...
Salvato in:
| Autore principale: | |
|---|---|
| Altri autori: | , |
| Natura: | Capitolo di libro |
| Lingua: | slovacco |
| Soggetti: | |
| Tags: |
Nessun Tag, puoi essere il primo ad aggiungerne!!
|
MARC
| LEADER | 00000nla a2200000 4500 | ||
|---|---|---|---|
| 001 | 0238471 | ||
| 005 | 20260205070945.4 | ||
| 041 | 0 | |a slo | |
| 044 | |a SK | ||
| 245 | 1 | 0 | |a Analýza vybraných finančných ukazovateľov v zdravotníctve |c Sylvia Jenčová, Eva Litavcová, Petra Vašaničová |
| 520 | |a Analýza finančnej situácie a financovania v odvetví zdravotníctva, v podmienkach Slovenskej republiky členené podľa SK NACE 86 – Zdravotníctvo a sociálna pomoc. Údaje o stredných hodnotách finančných metrík sú získané prostredníctvom informačného portálu Cribis Univerzálneho registra a webového analytického informačného portálu. V rámci kvantifikácie parametrov stavu zdravotníctva Slovenskej republiky sú použité zdroje prostredníctvom OECD Health Data, European Community health indicators (ECHI), WHO Global Health Observatory, Národného centra zdravotníckych informácií a Štatistického úradu SR. | ||
| 610 | 2 | 0 | |a analýza finančná |
| 610 | 2 | 0 | |a zdravotníctvo |
| 610 | 2 | 0 | |a financovanie zdravotníctva |
| 610 | 2 | 0 | |a údaje štatistické |
| 100 | 1 | |a Jenčová, Sylvia | |
| 700 | 1 | |a Litavcová, Eva | |
| 700 | 1 | |a Vašaničová, Petra | |